Sports Quiz

Random Sports Quiz

Top Ten Defenses Of The 2000's Quiz Stats

 Plays Quiz not verified by Sporcle

Support Sporcle.
Go Orange.
Score 0/10 Timer 01:00
0 Plays Today
% Correct
steelers
95.9%
steelers
95.9%
ravens
94.8%
ravens
94.8%
patriots
82.5%
bears
74.2%
bears
74.2%
jets
70.1%
buccaneers
58.8%
colts
55.7%

You're not logged in!

Compare scores with friends on all Sporcle quizzes.
OR
Log In

From the Vault

Take the Long Way Home (Maze)

by jyrops

It's not always simple to get from point A to point B.
Remove Ads.
Support Sporcle.
Get the best of Sporcle when you Go Orange. This ad-free experience offers more features, more stats, and more fun while also helping to support Sporcle. Thank you for becoming a member.

Show Comments

Extras

Created Feb 13, 2011ReportNominate
Tags:2000, defense, ten

Top Quizzes Today


Score Distribution

Your Account Isn't Verified!

In order to create a playlist on Sporcle, you need to verify the email address you used during registration. Go to your Sporcle Settings to finish the process.

Report this User

Report this user for behavior that violates our Community Guidelines.

Details: